Devotional talks for children. (Record no. 12276)

000 -LEADER
fixed length control field 00725nam a2200217 a 4500
001 - CONTROL NUMBER
control field :::00010078$&:&@@
003 - CONTROL NUMBER IDENTIFIER
control field OkBaRHE
005 - DATE AND TIME OF LATEST TRANSACTION
control field 20000607103356.0
008 - FIXED-LENGTH DATA ELEMENTS--GENERAL INFORMATION
fixed length control field s1961 j 000 0 eng u
040 ## - CATALOGING SOURCE
Transcribing agency
100 1# - MAIN ENTRY--PERSONAL NAME
Personal name Daves, Michael.
245 10 - TITLE STATEMENT
Title Devotional talks for children.
260 ## - PUBLICATION, DISTRIBUTION, ETC. (IMPRINT)
Place of publication, distribution, etc Grand Rapids, MI., :
Name of publisher, distributor, etc Baker Book House
Date of publication, distribution, etc c1961
300 ## - PHYSICAL DESCRIPTION
Extent 92 p. ;
Dimensions 20 cm.
650 ## - SUBJECT ADDED ENTRY--TOPICAL TERM
Topical term or geographic name as entry element Children
General subdivision Religious Life
650 ## - SUBJECT ADDED ENTRY--TOPICAL TERM
Topical term or geographic name as entry element Children's Sermons
650 ## - SUBJECT ADDED ENTRY--TOPICAL TERM
Topical term or geographic name as entry element Children's Stories
942 ## - ADDED ENTRY ELEMENTS (KOHA)
Source of classification or shelving scheme
Koha item type Books
Copies
Source of classification or shelving scheme Koha item type Shelving location Price effective from Full call number Lost status Damaged status Date acquired Date last seen Copy number Withdrawn status Not for loan Permanent Location Barcode
 BooksGeneral Stacks2010-04-14BV 4315 .D274  2010-04-142010-04-141  RHEMA Bible Training College10078
 BooksGeneral Stacks2010-04-14BV 4315 .D274  2010-04-142010-04-142  RHEMA Bible Training College15781